01696nam a2200409 i 4500003000400000005001700004007000300021008004100024020001800065040003500083041001200118084001100130100004300141245011800184250002200302264003700324300004100361336002700402337003300429338002800462490001900490521006100509534002900570545006400599600008200663650005500745650005500800650004500855650003400900650003300934650003800967700004201005700004401047942001501091999001701106952016301123OSt20210413112153.0ta201106t2018 ck a br 00| jdspa d a9789585984363 aCO-BoRNBPbspacCO-BoRNBPerda1 aspahit aC RIS11 aRisari, Guía d1971-eautora915702114aLos tres cerditos de Indiactexto Guía Risari ; ilustraciones Valeria Valenza ; traducción Camila Castañeda aPrimera edición 4aBogotábEnlace Editorialc2018 a[30] páginasbilustracionesc23 cm 2rdacontentatextobtxt 2rdamediaasin mediaciónbn 2rdacarrieravolumenbnc0 aEl tren dorado aRecomendado para un público infantil mayor de 6 años tI tre porcellini d'India aIncluye datos biográficos de la autora al final del texto14aJacobs, Josephd1854-1916tLos tres cerditosxAdaptaciones literarias9157022172LEMBaCuentos infantiles italianosySiglo XX98164172LEMBaLiteratura infantil italianaySiglo XX98163172LEMBaAutores italianosySiglo XX924197172LEMBaCerdosvCuentos9157023172LEMBaLobosvCuentos9157024172LEMBaValentíavCuentos9157025 aValenza, Valeriaeilustradora91570261 aCastañeda, Camilaetraductora9157027 2ddccBKLIT c13251d13251 00102ddc40708LIaBPMOSbBPMOSd2021-04-13eDotación BNAL 2020iNTl3oC RIS1pMOS500858r2022-09-23s2021-06-15tEj. 1w2021-04-13yBKLITzQuince días